Histoire d'une montagne (notice n° 1554374)
[ vue normale ]
| 000 -LEADER | |
|---|---|
| fixed length control field | 01248cam a2200277zu 4500 |
| 003 - CONTROL NUMBER IDENTIFIER | |
| control field | FRCYB88802519 |
| 005 - DATE AND TIME OF LATEST TRANSACTION | |
| control field | 20251020123455.0 |
| 008 - FIXED-LENGTH DATA ELEMENTS--GENERAL INFORMATION | |
| fixed length control field | 251020s2005 fr | o|||||0|0|||fre d |
| 020 ## - INTERNATIONAL STANDARD BOOK NUMBER | |
| International Standard Book Number | 9782846182669 |
| 035 ## - SYSTEM CONTROL NUMBER | |
| System control number | FRCYB88802519 |
| 040 ## - CATALOGING SOURCE | |
| Original cataloging agency | FR-PaCSA |
| Language of cataloging | fr |
| Transcribing agency | |
| Description conventions | rda |
| 100 1# - MAIN ENTRY--PERSONAL NAME | |
| Personal name | Reclus, Elisée |
| 245 01 - TITLE STATEMENT | |
| Title | Histoire d'une montagne |
| Statement of responsibility, etc. | ['Reclus, Elisée'] |
| 264 #1 - PRODUCTION, PUBLICATION, DISTRIBUTION, MANUFACTURE, AND COPYRIGHT NOTICE | |
| Name of producer, publisher, distributor, manufacturer | Régionalismes (Ed. des) |
| Date of production, publication, distribution, manufacture, or copyright notice | 2005 |
| 300 ## - PHYSICAL DESCRIPTION | |
| Extent | p. |
| 336 ## - CONTENT TYPE | |
| Content type code | txt |
| Source | rdacontent |
| 337 ## - MEDIA TYPE | |
| Media type code | c |
| Source | rdamdedia |
| 338 ## - CARRIER TYPE | |
| Carrier type code | c |
| Source | rdacarrier |
| 520 ## - SUMMARY, ETC. | |
| Summary, etc. | Comment parler de géographie sans s’ennuyer ? Pour cela, il faut lire l’Histoire d’une montagne. Texte à la fois scientifique, humain, poétique et romantique qui vise à faire découvrir tous les physiques, humains, religieux, scientifiques que peut cacher ce terme générique de montagne. Occasion d’une balade foisonnante dans cet univers recréé, avec quel talent ! avec quelle langue !, un des plus grands géographes français, mort il y a 100 ans, en 1905. |
| 650 #0 - SUBJECT ADDED ENTRY--TOPICAL TERM | |
| Topical term or geographic name entry element | |
| 700 0# - ADDED ENTRY--PERSONAL NAME | |
| Personal name | Reclus, Elisée |
| 856 40 - ELECTRONIC LOCATION AND ACCESS | |
| Access method | Cyberlibris |
| Uniform Resource Identifier | <a href="https://international.scholarvox.com/netsen/book/88802519">https://international.scholarvox.com/netsen/book/88802519</a> |
| Electronic format type | text/html |
| Host name | |
Pas d'exemplaire disponible.




Réseaux sociaux